Public health communication : (Record no. 37626)
[ view plain ]
| 000 -LEADER | |
|---|---|
| fixed length control field | 01046nam a2200313 a 4500 |
| 001 - CONTROL NUMBER | |
| control field | 37626 |
| 003 - CONTROL NUMBER IDENTIFIER | |
| rucl marc code | BD-RjUL |
| 005 - DATE AND TIME OF LATEST TRANSACTION | |
| control field | 20211209052629.0 |
| 008 - FIXED-LENGTH DATA ELEMENTS--GENERAL INFORMATION | |
| fixed length control field | 150204s2002 njua b 001 0 eng |
| 020 ## - INTERNATIONAL STANDARD BOOK NUMBER | |
| International Standard Book Number | 0805831762 (cloth : alk. paper) |
| International Standard Book Number | 0805831770 (pbk.) |
| 035 ## - SYSTEM CONTROL NUMBER | |
| System control number | (BD-RjUL)37730 |
| 040 ## - CATALOGING SOURCE | |
| Original cataloging agency | DLC |
| Transcribing agency | DLC |
| Modifying agency | DLC |
| -- | BD-RjUL |
| Language of cataloging | eng |
| 041 ## - LANGUAGE CODE | |
| Language code of text/sound track or separate title | eng |
| 082 00 - DEWEY DECIMAL CLASSIFICATION NUMBER | |
| Classification number | 613 |
| Edition number | 21 |
| Author mark and year | PUB 2002 |
| 245 00 - TITLE STATEMENT | |
| Title | Public health communication : |
| Remainder of title | evidence for behavior change / |
| Statement of responsibility, etc. | edited by Robert C. Hornik. |
| 260 ## - PUBLICATION, DISTRIBUTION, ETC. (IMPRINT) | |
| Place of publication, distribution, etc. | Mahwah, N.J. : |
| Name of publisher, distributor, etc. | L. Erlbaum Associates, |
| Date of publication, distribution, etc. | 2002. |
| 300 ## - PHYSICAL DESCRIPTION | |
| Pagination | xv, 435 p. : |
| Illustrations | ill. ; |
| Size | 24 cm. |
| 504 ## - BIBLIOGRAPHY, ETC. NOTE | |
| Bibliography, etc | Includes bibliographical references and indexes. |
| 650 #0 - SUBJECT ADDED ENTRY--TOPICAL TERM | |
| Topical term or geographic name as entry element | Mass media in health education. |
| 9 (RLIN) | 115693 |
| Topical term or geographic name as entry element | Communication in public health. |
| 9 (RLIN) | 115694 |
| Topical term or geographic name as entry element | Health promotion. |
| 9 (RLIN) | 115695 |
| Topical term or geographic name as entry element | Health in mass media. |
| 9 (RLIN) | 115696 |
| 700 1# - ADDED ENTRY--PERSONAL NAME | |
| Personal name | Hornik, Robert C. |
| 942 ## - ADDED ENTRY ELEMENTS (KOHA) | |
| Source of classification or shelving scheme | Dewey Decimal Classification |
| Koha item type | Books |
| Lost status | Source of classification or shelving scheme | Damaged status | Not for loan | Collection code | Permanent Location | Current Location | Shelving location | Date acquired | Source of acquisition | Total Checkouts | Full call number | Date last seen | Copy number | Koha item type |
|---|---|---|---|---|---|---|---|---|---|---|---|---|---|---|
| Dewey Decimal Classification | Not For Loan | Non-fiction | Institute of Biological Sciences (IBSc) Library | Institute of Biological Sciences (IBSc) Library | 04/02/2015 | HEQEP | 613 PUB 2002 | 04/02/2015 | C-1 | Books |